01235naa#a2200217#i#4500001004000000005001700040011001400057100004100071101000800112102000700120200036300127210019500490215001000685608004500695675003700740700005900777700005200836700005400888700005400942856002100996RU\FGKOU VO SPBU MVD ROSSII\bibl\12071320260701090235.3##a2071-8284##a20260630b2026####ek#y0rusy0150####ca0#aRUS##aRU1#aОсобенности ценностно-смысловой сферы у курсантов Министерства внутренних дел Российской Федерации в зависимости от категории профессиональной психологической пригодностиeЖурнальная статья1#aСанкт-ПетербургcСАНКТ-ПЕТЕРБУРГСКИЙ УНИВЕРСИТЕТ МИНИСТЕРСТВА ВНУТРЕННИХ ДЕЛ РОССИЙСКОЙ ФЕДЕРАЦИИd2026##a9 с.##aЖурнальная статья2local##aПсихология. 159.9zRUS#1aКабановаgТатьяна Николаевна #1aКостинаgЕлена Викторовна#1aБелицкаяgДарья Валерьевна#1aГаланинаgНиколь Андреевна4#avestnikspbmvd.ru